Normal view
MARC view
- Labor movement
Entry Topical Term
001 - CONTROL NUMBER
- control field: 119560
003 - CONTROL NUMBER IDENTIFIER
- control field: TR-AnTOB
005 - DATE AND TIME OF LATEST TRANSACTION
- control field: 20190213214921.0
008 - FIXED-LENGTH DATA ELEMENTS
- fixed length control field: 180404n|eazannbab| |a aaa
040 ## - CATALOGING SOURCE
- Original cataloging agency: TR-AnTOB
- Language of cataloging: eng
- Description conventions: rda
- Transcribing agency: TR-AnTOB
150 ## - HEADING--TOPICAL TERM
- Topical term or geographic name entry element: Labor movement
- Geographic subdivision: Turkey
- General subdivision: History
- Chronological subdivision: 20th century
450 ## - SEE FROM TRACING--TOPICAL TERM
- Topical term or geographic name entry element: İşçi hareketi
- Geographic subdivision: Türkiye
- General subdivision: Tarih
- Chronological subdivision: 20. yüzyıl
750 ## - ESTABLISHED HEADING LINKING ENTRY--TOPICAL TERM
- Authority record control number or standard number: (TR-AnTOB) 119562
- Source of heading or term: etuturkob
- Topical term or geographic name entry element: İşçi hareketi
- Geographic subdivision: Türkiye
- General subdivision: Tarih
- Chronological subdivision: 20. yüzyıl



